| 000 | 01052cam a2200325 a 4500 | ||
|---|---|---|---|
| 001 | 2527 | ||
| 005 | 20250605090823.0 | ||
| 020 | _a9780545268516 | ||
| 040 |
_aDLC _cDLC _dDLC _beng |
||
| 050 | 0 | 0 |
_aQA115.M873 _b1998 |
| 082 | 0 | 0 | _a513.2 |
| 100 | 1 |
_aMurphy, Stuart J _d1942- |
|
| 245 | 1 | 4 |
_aThe penny pot / _cby Stuart J. Murphy ; illustrated by Lynne Cravath |
| 260 |
_aNew York : _bScholastic, _c1998 |
||
| 300 |
_a31 pages : _bcolor illustrations ; _c21 cm |
||
| 490 | 1 | _aMathStart Counting coins | |
| 500 | _a"Counting coins." | ||
| 500 | _a"Level 3." | ||
| 505 | _aJ | ||
| 520 | _aThe face painting booth at the school fair provides plenty of opportunities to count combinations of coins adding up to fifty. | ||
| 521 |
_a480
_bLexile |
||
| 521 |
_aJ
_bRaz-Plus |
||
| 650 | 0 |
_aCounting _vJuvenile literature. |
|
| 650 | 0 |
_aCoins _vJuvenile literature. |
|
| 650 | 1 | _aCounting. | |
| 650 | 1 | _aCoins. | |
| 700 | 1 |
_aCravath, Lynne _eillustrator |
|
| 906 |
_a7 _bcbc _corignew _d1 _eocip _f19 _gy-gencatlg |
||
| 942 |
_2ddc _cBK _n0 |
||
| 999 |
_c2527 _d2527 |
||